Normal view
MARC view
- Physical education and training.
Entry Topical Term
001 - CONTROL NUMBER
- control field: 38318
003 - CONTROL NUMBER IDENTIFIER
- control field: OSt
005 - DATE AND TIME OF LATEST TRANSACTION
- control field: 20190410150115.0
008 - FIXED-LENGTH DATA ELEMENTS
- fixed length control field: 190410|| aca||aabn | a|a d
040 ## - CATALOGING SOURCE
- Original cataloging agency: OSt
- Transcribing agency: OSt
150 ## - HEADING--TOPICAL TERM
- Topical term or geographic name entry element: Physical education and training.
670 ## - SOURCE DATA FOUND
- Source citation: Work cat.: (OSt): Kohl,Harold W. editor 38169, Educating the student body :, ©2013.
